stand by me all lyrics oasis - Statistics

General Stats
  • This quiz has been taken 141 times
  • The average score is 255 of 345
Answer Stats
lyrics % Correct
i
94%
me
94%
a
92%
the
91%
and
90%
it
89%
be
86%
go
85%
on
85%
by
84%
stand
84%
to
84%
you
84%
no
82%
of
81%
so
80%
sunday
80%
thing
80%
up
80%
when
78%
got
77%
know
77%
lot
77%
made
77%
meal
77%
things
77%
ive
76%
with
76%
its
75%
threw
75%
knows
73%
nobody
73%
whats
73%
gonna
72%
matter
72%
something
72%
way
72%
dont
71%
new
71%
my
70%
come
68%
learn
68%
rain
68%
sing
68%
they
68%
heart
67%
only
67%
see
66%
will
66%
away
65%
wind
65%
one
63%
said
63%
seem
62%
starts
62%
before
61%
cold
61%
in
61%
we
59%
day
58%
leaving
58%
meaning
58%
would
58%
believe
56%
your
56%
are
54%
have
54%
is
54%
yeah
53%
hard
52%
if
52%
never
52%
take
52%
times
52%
maybe
51%
not
51%
floor
49%
behind
48%
find
48%
ill
48%
key
48%
there
48%
upon
47%
door
46%
home
46%
youre
46%
can
44%
give
44%
im
44%
found
43%
phone
41%
talking
41%
tired
39%
god
34%
to burn
22%
hey
19%
No matching quizzes found
Score Distribution
Percent of People with Each Score
Percentile by Number Answered
Your Score History
You have not taken this quiz